| 000 | nam a22 a 4500 | ||
|---|---|---|---|
| 999 |
_c120179 _d120179 |
||
| 003 | BLK | ||
| 005 | 20221019170706.0 | ||
| 008 | 180409b bul|||||r ||||||| ||bul|| | ||
| 040 | _aBLK | ||
| 041 |
_aBUL _cBUL |
||
| 080 |
_aАквариуми _b639.3.045 _x(035) _z639.3.045(035) |
||
| 100 | 1 |
_aАндоди, Ладислав _eпърви автор _931979 |
|
| 139 | _aАндоди, Ладислав | ||
| 245 | 1 | 0 |
_aАкваристика за всеки _bРъководство _cЛадислав Андоди; прев. от словаш. Венцеслав Новак. |
| 257 | _aSLK | ||
| 260 |
_aВарна _bГеорги Бакалов _c1976 |
||
| 300 |
_a172 с. _bс ил., 32 л. цв. сн. _c22 см |
||
| 380 | _a63 | ||
| 500 | _aОриг. загл. Sladkovodne a morske akvarium. | ||
| 650 | 4 |
_aАквариуми - наръчници и ръководства _9257315 |
|
| 653 | _aакваристика | ||
| 653 | _aръководства | ||
| 700 | 1 |
_aНовак, Венцеслав _eпрев. от словаш. _9316520 |
|
| 852 |
_aЦб 82676 _bЦб |
||
| 856 | 4 |
_qpdf _i0.00 _ldisable |
|
| 942 |
_cKNG _n0 _s1 |
||
| 944 |
_aCR _c05.10.2011 _l05.10.2011 - от С1,Р / 05.10.2011 _kВиолета_Тройчева |
||
| 944 |
_aED _c2022-10-19 |
||